| 000 | 02709cam a2200517 a 4500 | ||
|---|---|---|---|
| 001 | ocn466347827 | ||
| 003 | OCoLC | ||
| 005 | 20160108031145.0 | ||
| 008 | 100325s2009 nyuaf b i001 0 eng d | ||
| 010 | _a 2010411089 | ||
| 040 |
_aBTCTA _beng _cBTCTA _dDLC _dEMU _dILI _dMUU _dORU _dOSU _dYDXCP _dHU9 _dTULIB _dCGU _dOCLCQ _dOCLCA |
||
| 020 | _a9789290451969 | ||
| 020 | _a9290451963 | ||
| 029 | 1 |
_aAU@ _b000045274786 |
|
| 029 | 1 |
_aNZ1 _b13309189 |
|
| 029 | 1 |
_aDEBSZ _b314691081 |
|
| 035 | _a(OCoLC)466347827 | ||
| 042 | _alccopycat | ||
| 050 | 0 | 0 |
_aKZ5642 2008 _b.B67 2009 |
| 082 | 0 | 4 |
_a341.733026 _bB737n, 2009 |
| 086 |
_aUNIDIR/2009/8 _2undocs |
||
| 049 | _aTZAA | ||
| 100 | 1 |
_aBorrie, John, _d1974- |
|
| 245 | 1 | 0 |
_aUnacceptable harm : _ba history of how the treaty to ban cluster munitions was won / _cJohn Borrie. |
| 246 | 3 | 0 | _aHistory of how the treaty to ban cluster munitions was won |
| 260 |
_aNew York ; _aGeneva : _bUnited Nations, _c2009. |
||
| 300 |
_axxvii, 488 pages, [16] pages of plates : _bcolor illustrations ; _c21 cm |
||
| 336 |
_atext _btxt _2rdacontent |
||
| 337 |
_aunmediated _bn _2rdamedia |
||
| 338 |
_avolume _bnc _2rdacarrier |
||
| 500 | _a"UNIDIR/2009/8." | ||
| 500 | _a"United Nations publication sales no. GV. E.09.0.8"--Title page verso. | ||
| 500 | _aAt foot of title: UNIDIR, United Nations Institute for Disarmament Research, Geneva, Switzerland. | ||
| 504 | _aIncludes bibliographical references (pages 339-414) and index. | ||
| 505 | 0 | _aIntroduction. 'What is happening in my yard could happen in yours" -- The technology of killing -- From little things big things will grow -- Norway and cluster munitions -- Lebanon -- The commencement of the Oslo Process -- After Oslo : shifting the burden of proof -- Crunch point -- The evolution of cluster munition policy in the ICRC and UN -- Dublin : define and conquer -- Dublin : endgame -- The end of the beginning -- Annex A. The Oslo Declaration -- Annex B. The Wellington Declaration -- Annex C. The Convention on Cluster Munitions -- Annex D. Timeline of cluster munitions use -- Annex E. Types of cluster munitions in global stockpiles. | |
| 630 | 0 | 0 |
_aConvention on Cluster Munitions _d(2008 May 30) |
| 650 | 0 | _aCluster bombs (International law) | |
| 650 | 0 |
_aArms control _xInternational cooperation. |
|
| 650 | 0 |
_aCluster bombs _xLaw and legislation. |
|
| 710 | 2 | _aUnited Nations Institute for Disarmament Research. | |
| 730 | 0 | 2 |
_aConvention on Cluster Munitions _d(2008 May 30) |
| 856 | 4 | 1 |
_3Table of contents _uhttp://catdir.loc.gov/catdir/toc/fy12pdf01/2010411089.html |
| 938 |
_aBaker and Taylor _bBTCP _nBK0008665816 |
||
| 938 |
_aYBP Library Services _bYANK _n3284759 |
||
| 994 |
_aC0 _bTZACH |
||
| 999 |
_c3237 _d3237 |
||